[Event "Milan Crespi op-C 35th"]
[Site "Milan"]
[Date "2014.12.06"]
[Round "3"]
[White "Laurino, Alberto"]
[Black "Calcagno, Stefano"]
[Result "1-0"]
[WhiteElo "1770"]
[BlackElo "1828"]
[PlyCount "69"]
[EventDate "2014.12.04"]
[EventType "swiss"]
[EventRounds "7"]
[EventCountry "ITA"]
[SourceTitle "EXT 2017"]
[Source "ChessBase"]
[SourceDate "2016.10.25"]
[SourceVersion "1"]
[SourceVersionDate "2016.10.25"]
[SourceQuality "1"]

1. e4 c5 2. Nf3 Nc6 3. d4 cxd4 4. Nxd4 Nf6 5. Nc3 e5 6. Nxc6 bxc6 7. Bc4 Bb4 8. Bd2 0-0 9. 0-0 Re8 10. Re1 d6 11. a3 Ba5 12. b4 Bc7 13. Bg5 h6 14. Bh4 a6 15. Re3 g5 16. Bg3 Bg4 17. Qd2 Bb6 18. Rd3 Bd4 19. Re1 Nh5 20. Ne2 Bxe2 21. Qxe2 Ng7 22. Red1 d5 23. Bb3 f5 24. exd5 cxd5 25. c3 f4 26. cxd4 fxg3 27. hxg3 e4 28. Rc3 Re6 29. Rc5 Rd6 30. Qxe4 Ra7 31. Rxd5 Rxd5 32. Qxd5+ Qxd5 33. Bxd5+ Kf8 34. Bc4 Ke7 35. g4 1-0

[Event "Milan Crespi op-C 35th"]
[Site "Milan"]
[Date "2014.12.04"]
[Round "1"]
[White "Ciciotti, Augusto Walter"]
[Black "Laurino, Alberto"]
[Result "1-0"]
[WhiteElo "1880"]
[BlackElo "1770"]
[PlyCount "121"]
[EventDate "2014.12.04"]
[EventType "swiss"]
[EventRounds "7"]
[EventCountry "ITA"]
[SourceTitle "EXT 2017"]
[Source "ChessBase"]
[SourceDate "2016.10.25"]
[SourceVersion "1"]
[SourceVersionDate "2016.10.25"]
[SourceQuality "1"]

1. d4 Nf6 2. Nf3 e6 3. c4 d5 4. g3 b6 5. Bg2 Bb7 6. Nc3 Nc6 7. Qa4 Qd7 8. cxd5 Nxd5 9. 0-0 Nxc3 10. bxc3 Bd6 11. Qc2 0-0 12. Ng5 g6 13. Ne4 Be7 14. h4 Rab8 15. Ba3 Qd8 16. Bxe7 Qxe7 17. Qd2 Rfd8 18. Qh6 Rd7 19. Bh3 f5 20. Ng5 Re8 21. e4 Qf6 22. Rae1 Rde7 23. exf5 exf5 24. Nxh7 Qg7 25. Qxg7+ Kxg7 26. Rxe7+ Rxe7 27. Ng5 Nd8 28. Bg2 Bxg2 29. Kxg2 Re2 30. Rd1 Rxa2 31. Re1 Kf8 32. Nh7+ Kf7 33. Ng5+ Kf8 34. Ne6+ Nxe6 35. Rxe6 Kf7 36. Rc6 Re2 37. Rxc7+ Re7 38. Rc6 Re6 39. Rc8 Re8 40. Rc4 a5 41. Ra4 Ke6 42. c4 Ra8 43. Kf3 Kd6 44. Kf4 Re8 45. f3 Re1 46. c5+ Kc6 47. cxb6 Kxb6 48. d5 Kb5 49. Rd4 Re8 50. d6 a4 51. Kg5 a3 52. Rd1 Kb4 53. d7 Rd8 54. Kf6 a2 55. Ke7 Ra8 56. d8Q Rxd8 57. Kxd8 Kb3 58. g4 fxg4 59. fxg4 Kc2 60. Ra1 Kb2 61. Rxa2+ 1-0

[Event "Milan Crespi op-B 31th"]
[Site "Milan"]
[Date "2010.12.04"]
[Round "1"]
[White "Colombo, Luca"]
[Black "Laurino, Alberto"]
[Result "0-1"]
[WhiteElo "1912"]
[BlackElo "1801"]
[PlyCount "90"]
[EventDate "2010.12.04"]
[EventType "swiss"]
[EventRounds "7"]
[EventCountry "ITA"]
[SourceTitle "EXT 2024"]
[Source "ChessBase"]
[SourceDate "2023.10.10"]
[SourceVersion "1"]
[SourceVersionDate "2023.10.10"]
[SourceQuality "1"]

1. e4 e6 2. d4 d5 3. e5 c5 4. c3 Nc6 5. Nf3 Qb6 6. Be2 Nge7 7. g4 Ng6 8. 0-0 Be7 9. g5 Bd7 10. h4 0-0-0 11. h5 Nf8 12. dxc5 Bxc5 13. b4 Be7 14. a4 h6 15. a5 Qc7 16. Bf4 hxg5 17. Nxg5 Be8 18. Bb5 f6 19. Nf3 Bxh5 20. Bxc6 bxc6 21. Bg3 f5 22. Nbd2 g5 23. Qe2 f4 24. Qa6+ Qb7 25. Qxb7+ Kxb7 26. Bh2 Bxf3 27. Nxf3 Ng6 28. Rfe1 Rh3 29. Kg2 g4 30. Nd4 Nh4+ 31. Kg1 Nf3+ 32. Nxf3 Rxf3 33. Kg2 Bh4 34. Bg1 Rxc3 35. Rec1 Rxc1 36. Rxc1 d4 37. f3 g3 38. Rd1 d3 39. Bc5 Rd5 40. Bd6 Bd8 41. Kh3 Bc7 42. a6+ Kb6 43. Bc5+ Kxa6 44. Ra1+ Kb5 45. Bf8 Bxe5 0-1